Варшавський договір в світлі націоналістичної критики (Запис № 307057)
[ простий вигляд ]
| 000 -LEADER | |
|---|---|
| fixed length control field | 00702nam a22002537a 4500 |
| 001 - CONTROL NUMBER | |
| control field | 20871 |
| 003 - CONTROL NUMBER IDENTIFIER | |
| control field | UA-OsUOA |
| 005 - DATE AND TIME OF LATEST TRANSACTION | |
| control field | 20210504222927.0 |
| 007 - PHYSICAL DESCRIPTION FIXED FIELD--GENERAL INFORMATION | |
| fixed length control field | ta |
| 008 - FIXED-LENGTH DATA ELEMENTS--GENERAL INFORMATION | |
| fixed length control field | 20031106b un ||||| |||| 00| 0 ukr d |
| 040 ## - CATALOGING SOURCE | |
| Original cataloging agency | UA-OsUOA |
| Language of cataloging | ukr |
| Transcribing agency | UA-OsUOA |
| Modifying agency | UA-OsUOA |
| 041 ## - LANGUAGE CODE | |
| Language code of text/sound track or separate title | ukr |
| 044 ## - COUNTRY OF PUBLISHING/PRODUCING ENTITY CODE | |
| MARC country code | CA |
| 080 ## - UNIVERSAL DECIMAL CLASSIFICATION NUMBER | |
| Universal Decimal Classification number | 94(477).06 |
| 090 ## - LOCALLY ASSIGNED LC-TYPE CALL NUMBER (OCLC); LOCAL CALL NUMBER (OCLC) | |
| Classification number (OCLC) (R) ; Classification number, CALL (RLIN) (NR) | 94(477).06 |
| Local cutter number (OCLC) ; Book number/undivided call number, CALL (RLIN) | М69 |
| 100 ## - MAIN ENTRY--PERSONAL NAME | |
| Personal name | Михайлюк Б. |
| 245 ## - TITLE STATEMENT | |
| Title | Варшавський договір в світлі націоналістичної критики |
| 260 ## - PUBLICATION, DISTRIBUTION, ETC. (IMPRINT) | |
| Place of publication, distribution, etc | Вінніпег |
| Date of publication, distribution, etc | 1950 |
| 300 ## - PHYSICAL DESCRIPTION | |
| Extent | 112 с. |
| 650 #7 - SUBJECT ADDED ENTRY--TOPICAL TERM | |
| Source of heading or term | UDC |
| 942 ## - ADDED ENTRY ELEMENTS (KOHA) | |
| Koha item type | Книги |
| Source of classification or shelving scheme | Universal Decimal Classification |
| 955 ## - COPY-LEVEL INFORMATION (RLIN) | |
| Classification number, CCAL (RLIN) | інше |
| Withdrawn status | Lost status | Source of classification or shelving scheme | Damaged status | Not for loan | Home library | Current library | Date acquired | Inventory number | Total Checkouts | Full call number | Barcode | Date last seen | Price effective from | Koha item type | Source of acquisition | Cost, normal purchase price |
|---|---|---|---|---|---|---|---|---|---|---|---|---|---|---|---|---|
| Withdrawn | Universal Decimal Classification | АБ - Абонемент НБ | АБ - Абонемент НБ | 06/11/2003 | 48528 | 94(477).06 М69 | 48528 | 13/07/2019 | 06/11/2003 | Книги | ||||||
| Universal Decimal Classification | Наукова бібліотека ІДУД | Наукова бібліотека ІДУД | 25/10/2011 | 2132348 | 09.-94(477).06 М69 | 2132348 | 14/09/2019 | 25/10/2011 | Книги | 249/2011 | 1.00 | |||||
| Universal Decimal Classification | Наукова бібліотека ІДУД | Наукова бібліотека ІДУД | 07/06/2012 | 2133567 | 09.-94(477).06 М69 | 2133567 | 14/09/2019 | 07/06/2012 | Книги | 275/2012 | 1.00 | |||||
| Universal Decimal Classification | Наукова бібліотека ІДУД | Наукова бібліотека ІДУД | 12/11/2012 | 2134068 | 94(477).06 М69 | 2134068 | 14/09/2019 | 12/11/2012 | Книги | 293/2012 | 1.00 | |||||
| Universal Decimal Classification | Наукова бібліотека ІДУД | Наукова бібліотека ІДУД | 04/03/2008 | 2127947 | 09/94(477).07 М69 | 2127947 | 15/09/2019 | 04/03/2008 | Книги | 112/2007 | 1.00 | |||||
| Universal Decimal Classification | Наукова бібліотека ІДУД | Наукова бібліотека ІДУД | 04/06/2015 | 2137899 | 09/94(477).07 М69 | 2137899 | 15/09/2019 | 04/03/2008 | Книги | 323/2015 | 1.00 | |||||
| Universal Decimal Classification | ЧЗ - Читальна зала | ЧЗ - Читальна зала | 21/12/2005 | 80976 | 94(477)066 М69 | 80976 | 07/02/2022 | 21/12/2005 | Книги |